Implementation Of The Free SHS Programme By The Minister for education Dr. Matthew Opoku Prempeh 2018 (Record no. 3017)

MARC details
000 -LEADER
fixed length control field 00491nam a2200145Ia 4500
008 - FIXED-LENGTH DATA ELEMENTS--GENERAL INFORMATION
fixed length control field 240429s9999||||xx |||||||||||||| ||und||
041 ## - LANGUAGE CODE
Language code of text/sound track or separate title eng
082 ## - DEWEY DECIMAL CLASSIFICATION NUMBER
Classification number MOE18(FSHS)
100 ## - MAIN ENTRY--PERSONAL NAME
Personal name Parliament of Ghana
245 #0 - TITLE STATEMENT
Title Implementation Of The Free SHS Programme By The Minister for education Dr. Matthew Opoku Prempeh 2018
300 ## - PHYSICAL DESCRIPTION
Extent 29p:tabs
650 ## - SUBJECT ADDED ENTRY--TOPICAL TERM
Topical term or geographic name entry element Implementation Of The Free SHS Programme By The Minister for education Dr. Matthew Opoku Prempeh 20
942 ## - ADDED ENTRY ELEMENTS (KOHA)
Koha item type Reports
Holdings
Withdrawn status Lost status Damaged status Not for loan Home library Current library Shelving location Date acquired Total checkouts Full call number Date last seen Copy number Price effective from Koha item type
        Main Library Main Library Open Shelves 08/05/2023   MOE18(FSHS) 5828 29/04/2024 1 29/04/2024 Reports
©2026  Parliament of Ghana Library - All rights reserved